世界にある海上空港 - Statistics

General Stats
  • This quiz has been taken 5 times
  • The average score is 7 of 9
Answer Stats
Hint Answer % Correct
日本 長崎空港
100%
日本 関西国際空港
100%
韓国 仁川国際空港
100%
日本 北九州空港
100%
マカオ マカオ国際空港
75%
香港 香港国際空港
75%
日本 中部国際空港
75%
日本 神戸空港
75%
モルディブ ヴェラナ国際空港
0%
No matching quizzes found
Score Distribution
Percent of People with Each Score
Percentile by Number Answered
Your Score History
You have not taken this quiz